<?xml version="1.0" encoding="UTF-8"?>
<record
    xmlns:xsi="http://www.w3.org/2001/XMLSchema-instance"
    xsi:schemaLocation="http://www.loc.gov/MARC21/slim http://www.loc.gov/standards/marcxml/schema/MARC21slim.xsd"
    xmlns="http://www.loc.gov/MARC21/slim">

  <leader>01094cam a2200253 a 4500</leader>
  <controlfield tag="001">80317</controlfield>
  <controlfield tag="003">BD-RjUL</controlfield>
  <controlfield tag="005">20220908100255.0</controlfield>
  <controlfield tag="008">160521s1884    pk            000 0 per d</controlfield>
  <datafield tag="035" ind1=" " ind2=" ">
    <subfield code="a">(BD-RjUL)80317</subfield>
  </datafield>
  <datafield tag="040" ind1=" " ind2=" ">
    <subfield code="a">LGG</subfield>
    <subfield code="b">eng</subfield>
    <subfield code="c">LGG</subfield>
    <subfield code="d">OCLCO</subfield>
    <subfield code="d">OCLCA</subfield>
    <subfield code="d">OCLCQ</subfield>
    <subfield code="d">OCLCF</subfield>
    <subfield code="d">OCLCO</subfield>
    <subfield code="d">DLC</subfield>
  </datafield>
  <datafield tag="041" ind1="0" ind2=" ">
    <subfield code="a">per</subfield>
    <subfield code="a">urd</subfield>
  </datafield>
  <datafield tag="082" ind1=" " ind2=" ">
    <subfield code="2">23</subfield>
    <subfield code="a">297.125</subfield>
    <subfield code="b">DEB 1884</subfield>
  </datafield>
  <datafield tag="100" ind1="1" ind2=" ">
    <subfield code="a">&#x62F;&#x647;&#x644;&#x648;&#x64A;&#x60C; &#x639;&#x628;&#x62F; &#x627;&#x644;&#x639;&#x632;&#x64A;&#x632; &#x628;&#x646; &#x627;&#x62D;&#x645;&#x62F;,&#x200F;  # # Dihlaw&#x12B;, &#x2BB;Abd al-&#x2BB;Az&#x12B;z ibn A&#x1E25;mad,</subfield>
    <subfield code="d">1746 or 1747-1823 or 1824.</subfield>
    <subfield code="9">4686</subfield>
  </datafield>
  <datafield tag="245" ind1="1" ind2="0">
    <subfield code="a"> &#x628;&#x633;&#x62A;&#x627;&#x646; &#x627;&#x644;&#x645;&#x62D;&#x62F;&#x62B;&#x64A;&#x646;   # #  Bust&#x101;n al-mu&#x1E25;addis&#x332;&#x12B;n./</subfield>
    <subfield code="c">Shah  Abdul Ajij dehlavi   ; tarjumah Abdul Samey  ##   &#x60C;&#x62A;&#x631;&#x62C;&#x645;&#x647; &#x639;&#x628;&#x62F; &#x627;&#x644;&#x633;&#x645;&#x64A;&#x639;  ; &#x634;&#x627;&#x647; &#x639;&#x628;&#x62F; &#x627;&#x644;&#x639;&#x632;&#x64A;&#x632; &#x628;&#x646;  &#x62F;&#x647;&#x644;&#x648;&#x64A;&#x200F;</subfield>
  </datafield>
  <datafield tag="260" ind1=" " ind2=" ">
    <subfield code="a">Karachi :</subfield>
    <subfield code="b"> nur muhammad ,</subfield>
    <subfield code="c">[1884]</subfield>
  </datafield>
  <datafield tag="300" ind1=" " ind2=" ">
    <subfield code="a">226 pages ;</subfield>
    <subfield code="c">22 cm</subfield>
  </datafield>
  <datafield tag="500" ind1=" " ind2=" ">
    <subfield code="a">Lithographed.</subfield>
  </datafield>
  <datafield tag="650" ind1=" " ind2="0">
    <subfield code="a">Hadith</subfield>
    <subfield code="x">Authorities.</subfield>
    <subfield code="9">625</subfield>
  </datafield>
  <datafield tag="650" ind1=" " ind2="0">
    <subfield code="a">Hadith</subfield>
    <subfield code="x">Study and teaching</subfield>
    <subfield code="v">Bio-bibliography.</subfield>
    <subfield code="9">4687</subfield>
  </datafield>
  <datafield tag="650" ind1=" " ind2="0">
    <subfield code="a">Hadith</subfield>
    <subfield code="x">Criticism, interpretation, etc.</subfield>
    <subfield code="v">Bio-bibliography.</subfield>
    <subfield code="9">4688</subfield>
  </datafield>
  <datafield tag="650" ind1=" " ind2="0">
    <subfield code="a">Hadith scholars</subfield>
    <subfield code="v">Bio-bibliography.</subfield>
    <subfield code="9">4689</subfield>
  </datafield>
  <datafield tag="942" ind1=" " ind2=" ">
    <subfield code="2">ddc</subfield>
    <subfield code="c">BK</subfield>
  </datafield>
  <datafield tag="999" ind1=" " ind2=" ">
    <subfield code="c">80317</subfield>
    <subfield code="d">80317</subfield>
  </datafield>
  <datafield tag="952" ind1=" " ind2=" ">
    <subfield code="0">0</subfield>
    <subfield code="1">0</subfield>
    <subfield code="2">ddc</subfield>
    <subfield code="4">0</subfield>
    <subfield code="7">1</subfield>
    <subfield code="8">NFIC</subfield>
    <subfield code="a">RUCL</subfield>
    <subfield code="b">RUCL</subfield>
    <subfield code="c">Reading</subfield>
    <subfield code="d">1964-04-30</subfield>
    <subfield code="e">Urdu Library, Rajshahi</subfield>
    <subfield code="g">1.75</subfield>
    <subfield code="l">0</subfield>
    <subfield code="o">U 297.125 DEB 1884</subfield>
    <subfield code="r">2022-09-08 00:00:00</subfield>
    <subfield code="t">C-1</subfield>
    <subfield code="w">2022-09-08</subfield>
    <subfield code="y">BK</subfield>
  </datafield>
</record>
